Aspectos económicos de la campaña electoral (I)

Guardat en:
Dades bibliogràfiques
Format: Text
Matèries:
Etiquetes: Afegir etiqueta
Sense etiquetes, Sigues el primer a etiquetar aquest registre!

MARC

LEADER 00000 a a2200000 04500
001 6641
003
040
245 |a Aspectos económicos de la campaña electoral (I)  
650 |a ELECCIONES  
650 |a PARTIDOS POLITICOS  
650 |a DISCURSOS  
650 |a EL SALVADOR  
773 |g volumen 23, número 1038; páginas 7-8  
999 |c 34633  |d 34633